Baleset esetén járó társadalombiztosítási ellátások

Elmentve itt :
Bibliográfiai részletek
Szerző: Rékasi Petra
További közreműködők: Temesvári Józsefné (Témavezető)
Dokumentumtípus: Szakdolgozat
Megjelent: 2011
Tárgyszavak:
Online Access:http://diploma.bibl.u-szeged.hu/129657
LEADER 00849nta a2200205 i 4500
001 dipl129657
005 20220915142536.0
008 220915s2011 hu om 0|| hun d
040 |a SZTE Diploma Repozitórium  |b hun 
041 |a hun 
100 1 |a Rékasi Petra 
245 1 0 |a Baleset esetén járó társadalombiztosítási ellátások  |h [elektronikus dokumentum] /  |c Petra Rékasi 
246 1 0 |a Social Security benefits in case of accidents  |h [elektronikus dokumentum] 
260 |c 2011 
650 4 |a Jogi és igazgatási tanulmányok 
650 4 |a Medical and health sciences 
650 4 |a Health sciences 
650 4 |a Health care sciences and services (including hospital administration, health care financing) 
700 1 |a Temesvári Józsefné  |e ths 
856 4 0 |u https://diploma.bibl.u-szeged.hu/id/eprint/129657/1/2011_rekasi_petra.pdf  |z Dokumentum-elérés